000 00661nam a2200241Ia 4500
003 OSt
005 20221007072911.0
006 a|||||r|||| 00| 0
007 ta
008 221006b |||||||| |||| 00| 0 eng d
024 _a7,180
037 _cReference Collections
040 _aFLL
_cFLL
_beng
041 _2eng
_aeng
082 _aZ3:P111:4k, J4
100 _aOsborn P.G. Au.
_9691111
245 0 _aConcise law dictionary
250 _a4th
260 _aLondon
_bSweet and Maxwell ltd. London
_c1954
300 _avii,399p
_ccm.
942 _hZ3:P111:4k, J4
_cREF
_2CC
999 _c1147224
_d1147224